Estatísticas para Mods Mais Baixados - Minecraft

Clique aqui para jogar o quiz

Estatísticas Gerais

  • Esse quiz foi jogado 4 vezes
  • A pontuação média é 1 de 15

Estatísticas das Respostas

BaixarResposta/answers% Correto
195.9MJourneyMap
50%
266.6MJust Enought Items (JEI)
50%
144.1MTinkers Construct
25%
167.4MAppleSkin
0%
159.2MAutoRegLib
0%
164.0MBookshelf
0%
134.9MChisel
0%
139.8MClumps
0%
137.6MCoFH Core
0%
165.4MControlling
0%
143.7MCraftTweaker
0%
144.1MIron Chests
0%
162.3MMantle
0%
197.2MMouse Tweaks
0%
150.8MStorage Drawers
0%

Distribuição das Pontuações

Percentil de Números Respondidos

Porcentagem de Pessoas com Cada Pontuação

Sua Pontuação Histórica

Você não jogou esse quiz